000 00295nam a22001337a 4500
008 181016b xxu||||| |||| 00| 0 eng d
020 _a9780781787635
041 _aeng
080 _26th
_a610
100 _a6
101 _aANE
245 _aClinical Anesthesia
_cBarash,P.G
942 _2udc
_cBK
999 _c49930
_d49930